| 000 | 01521cab a2200253 4500 | ||
|---|---|---|---|
| 001 | E1959 | ||
| 008 | 090401t1993 xxu||||| |||| 00| 0 eng d | ||
| 035 | _a(Sirsi) u36601 | ||
| 041 | _aeng | ||
| 245 | _aCity of Aberdeen District Council v Secretary of State for Scotland | ||
| 260 | _c1993 | ||
| 350 | _a0 | ||
| 490 |
_aScots Law Times _v1993 SLT 1325-1327(3) |
||
| 520 | _aTown and Country Planning - planning permission - change of use to that of hot food retail shop - loss of amenity - application refused by district council but allowed by reporter on appeal - reporter considering matter of litter a matter dealt with by general legislation and not proper reason for withholding planning permission - whether a matter for reporter to consider in context of residential amenity - whether reporter erred - Town and Country Planning (Scotland) Act 1972 (c52), ss231 and 233 - Town and Country Planning (Use Classes)(Scotland) Order 1973 (SI 1973/1165). Town and Country Planning - planning permission - change of use - loss of amenity - area of mixed commercial and residential use - proper test of loss of amenity. First Division. 28 June 1991. | ||
| 650 | _aCHANGE OF USE | ||
| 650 | _aLOSS OF AMENITY | ||
| 650 | _aPLANNING PERMISSION | ||
| 650 | _aTOWN AND COUNTRY PLANNING (SCOTLAND) ACT 1972 | ||
| 650 | _aTOWN AND COUNTRY PLANNING (USE CLASSES)(SCOTLAND) ORDER 1973 | ||
| 650 | _aTOWN AND COUNTRY PLANNING | ||
| 690 | _aPLANNING LAW AND PRACTICE-CASE LAW | ||
| 942 | _n0 | ||
| 948 | _c04/03/1997 | ||
| 999 |
_c23717 _d23717 |
||